Γράμμα σ'ένα παιδί που δεν γεννήθηκε ποτέ

Αποθηκεύτηκε σε:
Λεπτομέρειες βιβλιογραφικής εγγραφής
Κύριος συγγραφέας: Fallaci, Oriana
Άλλοι συγγραφείς: Κανδρή, Ερη (trlf)
Μορφή: Βιβλίο
Γλώσσα:Greek
Italian
Δημοσίευση: Αθήνα : Πάπυρος, c1976,
Θέματα:
Ετικέτες: Προσθήκη ετικέτας
Δεν υπάρχουν, Καταχωρήστε ετικέτα πρώτοι!

MARC

LEADER 00000cam a2200000 i 4500
001 1/75321
008 961213s1976 gr | ||| |||| ||gre||
035 |a 1989  |b 2  |c Δωρεά  |l 10032094 
040 |a GR-MyUA  |b gre  |e AACR2 
041 1 |a gre  |h ita 
082 0 |a 858 
100 1 |a Fallaci, Oriana. 
245 1 0 |a Γράμμα σ'ένα παιδί που δεν γεννήθηκε ποτέ /   |c Οριάνα Φαλλάτσι ; μετάφραση Ερης Κανδρή.  
260 |a Αθήνα :   |b Πάπυρος,   |c c1976,  
300 |a 124 σ. ;   |c 20 εκ.  
500 |a Τίτλος πρωτοτύπου: Lettera a un bambino mai nato.  
650 0 0 |a Italian literature. 
650 0 0 |a Italian letters. 
650 0 0 |a Family. 
700 1 |a Κανδρή, Ερη,  |e trlf 
852 |a INST  |b RHODES  |e 19961213  |h 858 FAL  |p 005400010236  |q 005400010236  |t BK  |y 0 
852 |a INST  |b SAMOS  |e 19980721  |h 858 FAL  |p 005300010838  |q 005300010838  |t BK  |y 0 
901 |a BIBL-1998-2 
909 |a Ρ  |b 014616 
909 |a Σ  |b 057607 
922 |a 3ΕΛΗ  |b 199709  |c ΔΩΡ  |d ΠΑΡΙΑΝΟΣ